000 00314nam a22001457a 4500
008 230913b ||||| |||| 00| 0 eng d
020 _a0300025009
041 _aeng
080 _a521
082 _a521HUB
100 _a19
101 _aASTRO
245 _aTHE REAL, OF THE NEBULAE
_cHUBBLE.E
942 _2udc
_cBK
999 _c60357
_d60357